Social therapy in psychiatry /

Bibliographic Details
Main Author: Clark, David H., 1920-2010
Format: Book
Language:English
Published: Edinburgh ; New York : Churchill Livingstone, 1981.
Edition:2nd ed.
Subjects:

MARC

Tag First Indicator Second Indicator Subfields
LEADER 00000cam a2200000 a 4500
001 in00000092328
005 20150923132102.0
008 820220s1981 enk b 00110 eng
010 |a  80041492  
015 |a GB*** 
020 |a 0443021074 (pbk.) 
035 |a (OCoLC)08280393 
035 |9 AAK7411AM 
039 0 |a 2  |b 3  |c 3  |d 3  |e 3 
040 |a DLC  |c DLC  |d TXA  |d UtOrBLW 
049 |a TXAM  |c [985920] 
050 0 0 |a RC439  |b  C57 1981 
082 0 |a 616.89/14  |2 19 
100 1 |a Clark, David H.,  |d 1920-2010. 
245 1 0 |a Social therapy in psychiatry /  |c David H. Clark ; foreword by G.M. Carstairs. 
250 |a 2nd ed. 
264 1 |a Edinburgh ;  |a New York :  |b Churchill Livingstone,  |c 1981. 
300 |a vii, 126 pages ;  |c 22 cm. 
336 |a text  |b txt  |2 rdacontent 
337 |a unmediated  |b n  |2 rdamedia 
338 |a volume  |b nc  |2 rdacarrier 
500 |a Includes index. 
504 |a Bibliography: pages 121-123. 
650 0 |a Psychotherapy  |x Social aspects. 
650 0 |a Psychiatric hospital care  |x Social aspects. 
650 0 |a Social psychiatry. 
650 0 |a Milieu therapy. 
650 0 |a Therapeutic communities. 
999 |a MARS 
999 f f |s 149614a9-76a9-3ce7-9dd6-f296a4434922  |i 841c4e69-1ec4-3ee4-b766-cb6d31e5fc19  |t 0 
952 f f |p ric  |a Texas A&M University  |b Rellis Campus  |c Joint Library Facility  |d Remote Storage  |t 0  |e RC439 C57 1981  |h Library of Congress classification  |i unmediated -- volume  |m A14806007845 
998 f f |a RC439 C57 1981  |t 0  |l Remote Storage